Košice prilákajú skôr Čínu ako BMW

Enregistré dans:
Détails bibliographiques
Auteur principal: Turza, Róbert
Autres auteurs: Baláž, Peter
Format: Chapitre de livre
Langue:slovaque
Tags: Ajouter un tag
Pas de tags, Soyez le premier à ajouter un tag!

MARC

LEADER 00000naa a2200000 4500
001 0242824
005 20240502073938.0
041 0 |a slo 
044 |a SK 
245 1 0 |a Košice prilákajú skôr Čínu ako BMW  |c Róbert Turza, Peter Baláž 
100 1 |a Turza, Róbert 
700 1 |a Baláž, Peter